[Event "RUS-chT 9th"]
[Site "Ekaterinburg"]
[Date "2002.05.23"]
[Round "6"]
[White "Fedorov, Alexei"]
[Black "Kurochkin, Victor"]
[Result "1-0"]
[WhiteElo "2598"]
[BlackElo "2415"]
[PlyCount "67"]
[EventDate "2002.05.17"]

1. e4 c5 2. d3 d5 3. Nd2 Nc6 4. g3 Nf6 5. Bg2 e6 6. f4 dxe4 7. dxe4 Be7 8. Nh3
Qc7 9. O-O b6 10. c3 Ba6 11. Re1 Rd8 12. Nf2 h5 13. e5 Ng8 14. f5 exf5 15. e6
fxe6 16. Qa4 Bb7 17. Nc4 Qc8 18. Ne5 Rd6 19. Ng6 Rh7 20. Bf4 Rd7 21. Rxe6 Nd8
22. Bxb7 Qxb7 23. Re2 Qc6 24. Qc4 Qd5 25. Qxd5 Rxd5 26. Rae1 Rd7 27. Bg5 Nc6
28. Re6 Nd8 29. R6e5 Nc6 30. Rxf5 Nf6 31. Bxf6 gxf6 32. Rxf6 Rc7 33. Rf8+ Kd7
34. Rd1+ 1-0

[Event "RUS-chT 9th"]
[Site "Ekaterinburg"]
[Date "2002.05.23"]
[Round "6"]
[White "Gurevich, Mikhail"]
[Black "Diu, Viacheslav"]
[Result "1-0"]
[WhiteElo "2641"]
[BlackElo "2412"]
[PlyCount "63"]
[EventDate "2002.05.17"]

1. c4 e5 2. Nc3 Nf6 3. Nf3 Nc6 4. a3 g6 5. g3 Bg7 6. Bg2 O-O 7. d3 d6 8. O-O
Nd4 9. Nd2 c6 10. e3 Nf5 11. Nf3 Re8 12. e4 Ne7 13. d4 d5 14. exd5 exd4 15.
Nxd4 cxd5 16. Bf4 Bg4 17. Bf3 Bxf3 18. Qxf3 Rc8 19. Be5 Nc6 20. Nxc6 bxc6 21.
Rfe1 Rxe5 22. Rxe5 Ne4 23. Rxe4 dxe4 24. Nxe4 Bxb2 25. Rd1 Qe7 26. Nd6 Rb8 27.
c5 Qf6 28. Qxc6 Bd4 29. Rd2 h5 30. Kg2 h4 31. Qd5 Be5 32. Nxf7 1-0

[Event "RUS-chT 9th"]
[Site "Ekaterinburg"]
[Date "2002.05.22"]
[Round "6"]
[White "Labunskiy, Dmitry"]
[Black "Galkin, Alexander"]
[Result "1/2-1/2"]
[WhiteElo "2440"]
[BlackElo "2565"]
[PlyCount "38"]
[EventDate "2002.05.17"]

1. c4 e6 2. d4 d5 3. Nf3 c6 4. Nbd2 f5 5. g3 Nf6 6. Bg2 Bd6 7. O-O O-O 8. Ne5
Qe7 9. Ndf3 Ne4 10. Qc2 b6 11. cxd5 cxd5 12. Nd3 Bb7 13. Bf4 Rc8 14. Bxd6 Qxd6
15. Qa4 Bc6 16. Qb3 Be8 17. Rfc1 Nc6 18. e3 Rc7 19. Nfe5 Rac8 1/2-1/2

[Event "RUS-chT 9th"]
[Site "Ekaterinburg"]
[Date "2002.05.22"]
[Round "6"]
[White "Moiseenko, Alexander"]
[Black "Burmakin, Vladimir"]
[Result "1/2-1/2"]
[WhiteElo "2575"]
[BlackElo "2582"]
[PlyCount "59"]
[EventDate "2002.05.17"]

1. d4 d5 2. c4 c6 3. Nf3 Nf6 4. Nc3 a6 5. Bg5 Ne4 6. h4 Nxc3 7. bxc3 f6 8. Bf4
dxc4 9. g3 Bf5 10. Nd2 b5 11. Bg2 Qc8 12. a4 Nd7 13. e4 Bg6 14. e5 fxe5 15.
Bxe5 Nxe5 16. dxe5 Ra7 17. Qf3 Rc7 18. Ne4 Bxe4 19. Qxe4 e6 20. O-O Bc5 21. Qf3
Rf8 22. Qe4 g6 23. h5 gxh5 24. Qh4 Rcf7 25. Qxh5 Kd7 26. Ra2 Kc7 27. axb5 axb5
28. Be4 Rg7 29. Kh2 Qd8 30. f4 1/2-1/2

[Event "RUS-chT 9th"]
[Site "Ekaterinburg"]
[Date "2002.05.22"]
[Round "6"]
[White "Pigusov, Evgeny"]
[Black "Shariyazdanov, Andrey"]
[Result "1/2-1/2"]
[WhiteElo "2623"]
[BlackElo "2542"]
[PlyCount "23"]
[EventDate "2002.05.17"]

1. Nf3 Nf6 2. c4 e6 3. g3 b6 4. Bg2 Bb7 5. O-O c5 6. Nc3 d6 7. d4 cxd4 8. Qxd4
a6 9. b3 Nbd7 10. Bb2 Be7 11. Rfd1 Qc7 12. Rac1 1/2-1/2

[Event "RUS-chT 9th"]
[Site "Ekaterinburg"]
[Date "2002.05.22"]
[Round "6"]
[White "Semeniuk, Alexander A"]
[Black "Volkov, Sergey"]
[Result "0-1"]
[WhiteElo "2464"]
[BlackElo "2609"]
[PlyCount "122"]
[EventDate "2002.05.17"]

1. e4 e6 2. d4 d5 3. exd5 exd5 4. Bd3 Nc6 5. c3 Bd6 6. Qf3 Be6 7. Ne2 Qd7 8.
Bf4 Nf6 9. Bxd6 cxd6 10. Nd2 O-O-O 11. h3 Kb8 12. O-O-O Ne4 13. g4 f5 14. gxf5
Bxf5 15. Nxe4 dxe4 16. Bxe4 Rhf8 17. Rdf1 Bxe4 18. Qxe4 Rde8 19. Qd3 Qe6 20.
Ng3 Qxa2 21. Ne4 Qd5 22. Re1 Ne5 23. Qc2 Nf3 24. Re3 Qa2 25. Rd1 d5 26. Nc5
Rxe3 27. fxe3 Qa1+ 28. Qb1 Qxb1+ 29. Kxb1 Re8 30. Nd3 Kc7 31. Nf4 Kd6 32. Ng2
Re6 33. Kc2 Rg6 34. Nf4 Rg3 35. Rh1 Nh4 36. Kd2 Nf5 37. Re1 Nh4 38. Rh1 g5 39.
Ne2 Rf3 40. b3 Nf5 41. Ra1 Rxe3 42. Rxa7 Kc6 43. Ng1 Rg3 44. Ra1 Nd6 45. Rc1 b5
46. Ke2 h6 47. Kf1 Kd7 48. Rc2 Ne4 49. c4 b4 50. cxd5 Rxb3 51. Rc6 h5 52. Re6
Re3 53. Kg2 b3 54. Rb6 Rg3+ 55. Kf1 Kc7 56. Rb4 h4 57. Ne2 Rxh3 58. Kg2 Rd3 59.
Nc1 Rd2+ 60. Kf3 b2 61. Na2 h3 0-1

[Event "RUS-chT 9th"]
[Site "Ekaterinburg"]
[Date "2002.05.23"]
[Round "6"]
[White "Sherbakov, Ruslan"]
[Black "Rublevsky, Sergei"]
[Result "1/2-1/2"]
[WhiteElo "2549"]
[BlackElo "2657"]
[PlyCount "45"]
[EventDate "2002.05.17"]

1. d4 d5 2. c4 dxc4 3. e4 e5 4. Nf3 exd4 5. Bxc4 Bb4+ 6. Nbd2 Nc6 7. O-O Nf6 8.
e5 Nd5 9. Nb3 Nb6 10. Bg5 Be7 11. Bxe7 Qxe7 12. Bb5 Bd7 13. Bxc6 Bxc6 14. Nfxd4
Bd5 15. Qg4 O-O 16. f4 g6 17. Rae1 f5 18. exf6 Qxf6 19. f5 Bc4 20. Rf3 Bd5 21.
Rff1 Bc4 22. Rf3 Bd5 23. Rff1 1/2-1/2

[Event "RUS-chT 9th"]
[Site "Ekaterinburg"]
[Date "2002.05.22"]
[Round "6"]
[White "Sorokin, Maxim"]
[Black "Kobalia, Mikhail"]
[Result "1/2-1/2"]
[WhiteElo "2531"]
[BlackElo "2602"]
[PlyCount "21"]
[EventDate "2002.05.17"]

1. e4 e6 2. d4 d5 3. Nc3 Nf6 4. Bg5 dxe4 5. Nxe4 Be7 6. Bxf6 Bxf6 7. Nf3 Nd7 8.
Qd2 O-O 9. O-O-O Be7 10. Bc4 Nf6 11. Rhe1 1/2-1/2